| 000 | 00941cab a22002055a 4500 | ||
|---|---|---|---|
| 001 | L158708 | ||
| 008 | 150626e20150606xxk 000 0 eng d | ||
| 035 | _a(Sirsi) u158708 | ||
| 041 | 0 | _aeng | |
| 100 | 1 | _aBarker, Paul | |
| 245 | 0 | 0 | _aPoint of re-entry |
| 260 | _c2015 | ||
| 490 |
_aEstates Gazette _v(1522) 6 June 2015, 66-68(3) |
||
| 520 | _aDiscusses the possible removal of forfeiture which enables a landlord to terminate a tenancy early on the basis that the tenant has not complied with their obligations in the lease. The Law Commission has proposed that the current regime should be abolished and recommended that two forms of statutory termination should replace forfeiture; a court based termination claim as a standard procedure and an accelerated process to replace peaceable re-entry. | ||
| 590 | _aKA | ||
| 651 | 4 | _aUnited Kingdom | |
| 690 |
_aLandlord and tenant _96252 |
||
| 700 | 1 | _aDitchburn, Mathew | |
| 942 | _n0 | ||
| 999 |
_c84663 _d84663 |
||